Who said this quote? - Statistics

General Stats
  • This quiz has been taken 7 times
  • The average score is 2 of 10
Answer Stats
Quote Person % Correct
"Tell me and I forget. Teach me and I remember. Involve me and I learn." Benjamin Franklin
43%
"Life is what happens when you're busy making other plans." John Lennon
43%
“I apologize for such a long letter - I didn't have time to write a short one.” Mark Twain
43%
"Life is really simple, but we insist on making it complicated." Confucius
29%
"You have brains in your head. You have feet in your shoes. You can steer yourself any direction you choose." Dr. Seuss
14%
"No amount of political freedom will satisfy the hungry masses" Vladimir Lenin
14%
"The best and most beautiful things in the world cannot be seen or even touched — they must be felt with the heart." Helen Keller
0%
"You only live once, but if you do it right, once is enough." Mae West
0%
"Water water everywhere and not a drop to drink" Samuel Taylor Coleridge
0%
"It is difficult to free fools from the chains they revere." Voltaire
0%
No matching quizzes found
Score Distribution
Percent of People with Each Score
Percentile by Number Answered
Your Score History
You have not taken this quiz